000 00551nam a2200217Ia 4500
003 OSt
005 20220926044543.0
006 a|||||r|||| 00| 0
007 ta
008 220923b |||||||| |||| 00| 0 eng d
037 _cGeneral Book
040 _aRTL
_cRTL
_beng
041 _2eng
_aeng
082 _aV212.N5, J9
100 _aGopalan A K
_9349167
245 0 _aKerala, past & present
260 _c1959
650 _aHistory Tamil Nadu
_9235554
942 _hV212.N5, J9
_cGB
_2CC
999 _c675184
_d675184